01660nam a2200313 a 4500001001000000003000900010005001700019008004100036040002500077082002200102100004000124245029600164260005700460300003500517504002800552590002600580650005900606650006800665651007400733700003700807700003200844700003200876910003800908942001400946952013100960952011601091952012201207999001701329000038358DO-SdBNP20251203102347.0130409s2009 dr ac 000 0 spa d aDO-SdBNPbspacBNPHU 4a370.19bA664p2221 aArbaizar Santamaría, Elena96471510aPrácticas educativas de familias de niños y niñas que acuden a la Fundación Abriendo Camino, barrio de Villas Agrícolas, Santo Domingo, Rep. Dominicana :bestudio cualitativo /cElena Arbaizar Santamaría, Laura Francisco Carneado. Mariana Cammerinesi ; dirección Tahira Vargas. aSanto Domingo :bFundación Abriendo Camino,c2009. a83 p. :bil., retrs. ;c22 cm. aBibliografía : p. 83. aInventariado, 2018/LP 4aSociología de la educaciónxInvestigaciones964716 4aGrupos socialesxInvestigacioneszRepública Dominicana964717 0a Santo Domingo (República Dominicana)xCondiciones sociales9647181 aFrancisco Carneado, Laura9647191 aCammerinesi, Mariana9647201 aVargas, Tahira,edir.91966 aValidado. Control de calidad EMS. 2ddccLBS1 001054708DSaGRbGRcHDd2018-08-07iLF1l0o370.19 A664pp38358-30r2020-06-25te. 3w2020-06-25yLFDSZPréstamo en sala 0010718PDaPDbPDcHDd2013-04-09iLF1l0o370.19 A664pp38358-10r2020-06-25w2020-06-25yLFPDZNo se presta 0010718PDaPDbPDcHDd2018-08-07iLF1l0o370.19 A664pp38358-20r2020-06-25te. 2w2020-06-25yLFPDZNo se presta c37848d37848